ბათუმის შოთა რუსთაველის სახელმწიფო უნივერსიტეტის ბიბლიოთეკა

Phonetiktrainer A1-B1: Aussichten / (ბიბ.ჩანაწერი № 59295)

000 -LEADER
fixed length control field 00598nam a22001817a 4500
005 - DATE AND TIME OF LATEST TRANSACTION
control field 20230116115507.0
008 - FIXED-LENGTH DATA ELEMENTS--GENERAL INFORMATION
fixed length control field 230116s2012ge xxu||||| |||| 00| 0 ger d
020 ## - INTERNATIONAL STANDARD BOOK NUMBER
International Standard Book Number 9783126762328 X
041 ## - LANGUAGE CODE
Language code of text/sound track or separate title ger
080 ## - UNIVERSAL DECIMAL CLASSIFICATION NUMBER
Universal Decimal Classification number 811.112.1 R-37
100 ## - MAIN ENTRY--PERSONAL NAME
Personal name Reinke, Kerstin
9 (RLIN) 16669
245 ## - TITLE STATEMENT
Title Phonetiktrainer A1-B1: Aussichten /
Statement of responsibility, etc. Kerstin Reinke
264 ## - PRODUCTION, PUBLICATION, DISTRIBUTION, MANUFACTURE, AND COPYRIGHT NOTICE
Place of production, publication, distribution, manufacture Stuttgart ,
Date of production, publication, distribution, manufacture, or copyright notice 2012.
300 ## - PHYSICAL DESCRIPTION
Extent 104 p:.
Other physical details Kurs- und Selbstlernmaterial mit + 2 audio CDs. Ill;
Dimensions 26 cm.
653 ## - INDEX TERM--UNCONTROLLED
keyword Phonetiktrainer A1-B1
653 ## - INDEX TERM--UNCONTROLLED
keyword გერმანული ენის გამოთქმა
942 ## - ADDED ENTRY ELEMENTS (KOHA)
Source of classification or shelving scheme
Koha item type წიგნი
ეგზემპლარები
Withdrawn status Lost status Source of classification or shelving scheme Damaged status Not for loan Permanent Location Current Location Shelving location Date acquired Cost, normal purchase price Full call number Barcode Date last seen Copy number Price effective from Koha item type Public note
          ბათუმის შოთა რუსთაველის სახელმწიფო უნივერსიტეტის მთავარი ბიბლიოთეკა ბათუმის შოთა რუსთაველის სახელმწიფო უნივერსიტეტის მთავარი ბიბლიოთეკა წიგნსაცავი 2023-01-16 7.00 811.112.1 R-37 63440 2023-01-16 63440 2023-01-16 წიგნი 7ლ.50თ.